| 000 | 01680pam a2200385 a 4500 | ||
|---|---|---|---|
| 001 | 1654182 | ||
| 003 | OSt | ||
| 005 | 20260129122300.0 | ||
| 008 | 971001s1998 maua b 001 0 eng | ||
| 020 |
_a0256252777 _qcomprehensive version : acid-free paper |
||
| 020 |
_a9780256252774 _q(comprehensive version : acid-free paper) |
||
| 040 |
_aKABLIB _cKABLIB _beng |
||
| 082 | 0 | 0 |
_a004 _223 _bHUT |
| 100 | 1 |
_aHutchinson Sarah E, _d1998 _914889 |
|
| 245 | 1 | 0 |
_aComputers, communications, and information : _ba user's introduction / _cSarah E. Hutchinson, Stacey C. Sawyer; with contributions by Glen J. Coulthard. |
| 250 | _aRev. ed. | ||
| 260 |
_aBoston : _bIrwin/McGraw-Hill, _cc1998. |
||
| 300 |
_axvi ;574p _bill. (some col.) ; _c27 cm. |
||
| 336 | _2rda | ||
| 500 | _aIncludes appendix, | ||
| 500 | _aIncludes index. | ||
| 504 | _a index. | ||
| 600 |
_2Computers, Communications, and Information; _aSarah E. Hutchinson; _d1998 _914890 |
||
| 650 | 0 |
_aComputers. _91529 |
|
| 650 | 0 | _aInformation technology. | |
| 700 | 1 |
_aSawyer, Stacey C. _91528 |
|
| 700 | 1 |
_aCoulthard, Glen J. _91599 |
|
| 856 | 4 | 2 |
_3Publisher description _uhttp://www.loc.gov/catdir/description/mh023/97032174.html |
| 856 | 4 | 1 |
_3Table of contents _uhttp://www.loc.gov/catdir/toc/mh022/97032174.html |
| 856 | 4 | 2 |
_3Contributor biographical information _uhttp://www.loc.gov/catdir/enhancements/fy0707/97032174-b.html |
| 906 |
_a7 _bcbc _corignew _d1 _eocip _f19 _gy-gencatlg |
||
| 942 |
_2ddc _cBOOK _eRevised edition |
||
| 999 |
_c5900 _d5900 |
||